LDR 01371naa#a2200289#i#450# 001 RU\\bibl\119785 005 20260630021156.2 011 ## _a2077-7566 100 ## _a20260629b2026####ek#y0rusy0150####ca 101 0# _aRUS 102 ## _aRU 200 1# _aК ВОПРОСУ ОБ ОСЛОЖНЕНИЯХ ДЕНТАЛЬНОЙ ИМПЛАНТАЦИИ _eЖурнальная статья 210 1# _aЕкатеринбург _cИздательский Дом «ТИРАЖ» _d2026 215 ## _a12 с. 608 ## _aЖурнальная статья _2local 675 ## _aСтоматология. Заболевания ротовой полости и зубов. 616.31 _zRUS 686 ## _aКлиническая медицина. 76.29 _2grnti 700 #1 _aМокренко _gЕвгений Владимирович 700 #1 _aГалонский _gВладислав Геннадьевич 700 #1 _aМакарчук _gТихон Максимович 700 #1 _aАлешкин _gИгорь Германович 700 #1 _aПеретолчин _gНикита Олегович 700 #1 _aБессчастный _gДенис Сергеевич 700 #1 _aГазинский _gВладимир Владимирович 700 #1 _aНикитин _gОлег Николаевич 700 #1 _aМакарова _gПолина Анатольевна 856 4# _adental-press.ru _u